The Emirates occasional papers

Detalles Bibliográficos
Formato: Electrónico Revista
Lenguaje:inglés
Publicado: Abū Ẓaby, United Arab Emirates : Emirates Center for Strategic Studies and Research
Materias:
Acceso en línea:Full text available from Research Library: 01/01/2009 to 01/31/2014

MARC

LEADER 00000nas a2200000 i 4500
001 ssj0001072204
003 WaSeSS
005 20200512172242.0
006 m d
007 cr n
008 131214u20uuuuuuts f| p|s|||||| |0eng d
035 |a (WaSeSS)ssj0001072204 
040 |a WaSeSS  |b eng  |c WaSeSS  |d WaSeSS 
043 |a a-ts--- 
050 1 4 |a Q180.U5 
245 0 4 |a The Emirates occasional papers  |h [electronic resource]. 
260 |a Abū Ẓaby, United Arab Emirates :  |b Emirates Center for Strategic Studies and Research 
310 |a Semiannual 
506 |a License restrictions may limit access. 
588 |a Description based on: 72 (2009); title from title screen (ProQuest, viewed Dec. 14, 2013). 
588 |a Latest issue consulted: 75 (2010) (viewed Dec. 14, 2013). 
650 0 |a Research  |z United Arab Emirates  |v Periodicals. 
655 0 |a Electronic journals. 
776 0 8 |i Print version:  |t Emirates occasional papers  |x 1682-1246 
856 4 0 |z Full text available from Research Library: 01/01/2009 to 01/31/2014  |u https://search.proquest.com/publication/135362